00573nam a2200193 a 4500008004100000020001500041050001500056100001800071245009600089260005100185300001600236350000900252650002500261650003000286650001400316650001100330700001700341700002100358091216s1993 ||||||||||||||||| || u a0813012201 aJC 571 Coh aCohen, Ronald10aHuman rights and governance in Africacedited by Ronal Cohen; Goran Hyden; Winston P. Nagan aGainesvillebUniversity Press of Floridac1993 axvii, 285p. a0.00 aHUMAN RIGHTS--AFRICA aAFRICA--SOCIAL CONDITIONS aTEXTBOOKS aRIGHTS aHyden, Goran aNagan, Winston P